000 00780nam a2200241 a 4500
001 BRL_90
005 20190320210601.0
008 750410s1940 mx-a######---#000-0#eng-#
041 _aeng
044 _amx
050 4 _aND259.O7
_b.O76 1940
245 1 0 _aOrozco´s frescoes in Guadalajara
_ccritical notes by Carlos Mérida ; photographs by Juan Arauz Lomeli ; edited by Frances Toor.
260 _aMéxico
_bFrances Toor Studios
_c1940
300 _a1 v. (sin paginación)
_bil.
_c23 cm.
500 _aEstado físico: lomo despegado
500 _aAu113
600 1 4 _aOrozco, José Clemente
_d1883-1949
_99279
700 1 _aMérida, Carlos
_f1891-1984
_922874
700 1 _aArauz Lomeli, Juan
_922875
700 1 _aToor, Frances
_eed.
_922876
902 _aGRL
942 _2lcc
_cB
999 _c8903
_d8903